Atlas de detalles constructivos: rehabilitación con 199 ejemplos

保存先:
書誌詳細
団体著者: Beinhauer, Peter (著者)
フォーマット: 図書
言語:スペイン語
出版事項: Barcelona Gustavo Gili SL 2013
版:1a. ed
主題:
タグ: タグ追加
タグなし, このレコードへの初めてのタグを付けませんか!

MARC

LEADER 00000cam a2200000 a 4500
001 UCD5304
003 CL-VaPUC
008 160902e20130000sp |||||||||||||||||spa|d
020 |a 9788425224706 
082 0 4 |a 692.2  |b BEI  |2 21 
110 2 |a Beinhauer, Peter  |e author  |9 589079 
245 1 0 |a Atlas de detalles constructivos: rehabilitación con 199 ejemplos 
250 |a 1a. ed 
300 |a 248 p 
942 |c BK 
945 |d 20160902 15:38:00  |a dcastane 
260 |a Barcelona  |b Gustavo Gili SL  |c 2013 
650 0 |a Arquitectura  |9 804558 
650 0 |a Construcción  |9 260195 
650 7 |a TECNOLOGIA DE LA CONSTRUCCION  |2 CL-VaPUC  |9 260196 
650 0 |a Elementos estructurales  |9 350100 
583 |a last modification  |c 20160902 15:38:00  |k Rodrigo Vera 
999 |c 366023  |d 366021 
952 |0 0  |1 0  |3 erd  |4 0  |6 692_200000000000000_BEI_2013  |7 0  |8 F  |9 480029  |a BIBARQ  |b BIBARQ  |i 5339073  |o 692.2 BEI 2013  |p 5339073  |r 2025-01-20  |w 2019-11-24  |y BK_F  |z Catalogado en:20160902  |k ARQ